เปลี่ยนเป็นภาษาไทย

Change to English
 แสดงรายละเอียดบรรณานุกรม
  กลับหน้าหลัก

Brief Record : Get Marc (ISO 2709) : E-mail record : QR code < ปิดหน้าต่าง
mysqli: Table './ulib62015/stat_globaluid' is marked as crashed and should be repaired
select id from stat_globaluid where statuid='20260517093139_3316' 
mysqli: Table './ulib62015/stat_globaluid' is marked as crashed and should be repaired
DELETE FROM stat_globaluid
			WHERE id NOT IN (
			  SELECT id
			  FROM (
				SELECT id
				FROM stat_globaluid
				ORDER BY id DESC
				LIMIT 100
			  ) foo
			); 
mysqli: Table './ulib62015/stat_globaluid' is marked as crashed and should be repaired
insert into stat_globaluid set
		statuid='20260517093139_3316',
		dt='1778985099',
		phpself='/ULIB62015/dublinfull.php',
		agent='Mozilla/5.0 AppleWebKit/537.36 (KHTML, like Gecko; compatible; ClaudeBot/1.0; +claudebot@anthropic.com)',
		yea='2026',
		mon='5',
		dat='17',
		ip='216.73.216.45'
		
		
mysqli: Table './ulib62015/stathist_viewbib_bib_type' is marked as crashed and should be repaired
insert into stathist_viewbib_bib_type set 
		dat='17' ,
		 mon='05' ,
		  yea='2026' ,
			 statuid='20260517093139_3316' ,
			 head='13399108151' ,
			 foot='marc' ,
			 dt='1778985099' 
		
LEADER : 00000nam 2200000uu 4500
001    13399108151
003     ULIB
008    110923s||||||||th 000 0 tha d
020    9786167098548
050  4 RM666.H33^bณ213
100 0  ณรงค์ มูลคำ
245 10 ปลูกผักพื้นบ้าน อาหาร-ยาต้านโรค /^cณรงค์ มูลคำ; บรรณาธิการ: ดลยา เจริญรัชตพันธุ์
260    กรุงเทพฯ :^bFeel good publishing,^c2553
300    176 หน้า :^bภาพประกอบ
650  7 ผักพื้นบ้าน^xการใช้รักษา
650  7 สมุนไพร^xการใช้รักษา
650  7 พืชสมุนไพร^xการปลูก
650  7 อาหารเพื่อสุขภาพ
700 0  ดลยา เจริญรัชตพันธุ์,^eบรรณาธิการ
945    ^p0^l0^i016042
945    ^p145^l0^i016043
999    ^aยมมะณา จันทร์ฉิม
รายการนี้ยังไม่มีแท็ก
คุณยังไม่ได้ล็อกอิน คุณสามารถมีกิจกรรมร่วมกับเว็บไซต์ได้ แต่ต้องล็อกอินก่อน ::
  ล็อกอิน
  One Stop Service : ศูนย์ให้บริการแบบเบ็ดเสร็จ   จัดการหนังสือโปรด   แจ้งรายการบรรณานุกรมผิดพลาด
ลำดับที่ ประเภท เลขเรียก/บาร์โค้ด สถานที่ สถานะ
1. หนังสือ
หนังสือ
RM666.H33 ณ213 ฉ.1 
  Barcode: 016042
หนังสือทั่วไป บนชั้น
  ขอยืม
2. หนังสือ
หนังสือ
RM666.H33 ณ213 ฉ.2 
  Barcode: 016043
หนังสือทั่วไป บนชั้น
  ขอยืม

รายการใกล้เคียง
    ผู้แต่ง [ณรงค์ มูลคำ]

    หัวเรื่อง [อาหารเพื่อสุขภาพ]

BibComment


ยังไม่เคยถูกคอมเมนท์

คอมเมนท์ทรัพยากรรายการนี้
  คอมเมนท์: ปลูกผักพื้นบ้าน อ..
Bib 13399108151

 
 
 

 Union Library Management : ULibM
Copyright 2026. All Rights Reserved.